000 00545nmm a2200193Ia 4500
008 251105s9999||||xx |||||||||||||||||und||
020 _a9788490653920
041 _aspa
100 _adu Maurier, Daphne
245 0 _aLa posada Jamaica
264 _a[Madrid, España] :
_bAlba Editorial,
_c2018
300 _a396 páginas
490 _aRara avis
650 _aEnglish Narrative
700 _adu Maurier, Daphne
700 1 _a Cardeñoso Sáenz de Miera, Concha
856 _uhttps://public.digitaliapublishing.com/a/80218
942 _cCF
999 _c64914
_d64914